| 000 | 01148nam a22003017a 4500 | ||
|---|---|---|---|
| 001 | 6959 | ||
| 003 | FISKH | ||
| 005 | 20250612085051.0 | ||
| 008 | 250611b cb ||||| |||| 00| 0 eng d | ||
| 020 | _a9780061853814 | ||
| 040 |
_aFISKH _beng _cFISKH _dFISKH |
||
| 050 | _a PZ7.L54244 T | ||
| 082 | _a636.7 | ||
| 100 |
_aGrogan, John _d(1957–) |
||
| 245 |
_aMarley : _bThanks, mom and dad! / _cBased on the bestselling books by John Grogan ; Cover art by Richard Cowdrey ; Text by Jeaning Le Ny ; Interior illustrations by Rick Whipple |
||
| 250 | _aThis edition first published in 2011 | ||
| 260 |
_aNew York : _bHarper, _c2011 |
||
| 300 |
_a22 unnumbered pages : _bcolor illustrations ; _c21 cm |
||
| 505 | _aR | ||
| 520 | _aCassie and Louie take their parents to a Mexican restaurant for their anniversary, and although the family dog Marley tries to behave on the special occasion, he finds himself in heaps of trouble. | ||
| 521 | 8 |
_a670
_bLexile |
|
| 521 | 8 |
_aR
_bRaz-Plus |
|
| 650 |
_2Anniversaries _aChildren's |
||
| 650 |
_2Dogs _aPets |
||
| 700 |
_aWhipple, Rick _dillustrator |
||
| 942 |
_2ddc _cBK _n0 |
||
| 999 |
_c6959 _d6959 |
||